| 000 | 00494nam a2200181 a 4500 | ||
|---|---|---|---|
| 005 | 20241012063836.0 | ||
| 008 | 991125n199 bra 000 0 spa u | ||
| 035 | _aUPN01000038009 | ||
| 049 | _aI | ||
| 050 | 4 |
_aLB1137 _bM53 |
|
| 245 | 0 | 0 | _aMemoria alfabeto [conjunto]. |
| 260 |
_aBrasil : _bGrow Logos e Brinquedos, _c[199-]. |
||
| 650 | 4 |
_aJuegos educativos _93952 |
|
| 650 | 4 |
_aLectura _xEnseƱanza correctiva _919399 |
|
| 650 | 4 |
_aMemoria _95324 |
|
| 905 | _aInfantil | ||
| 999 |
_c38009 _d38009 |
||